00945nam a2200241Ia 4500001000600000003000900006008004100015040001300056040001300069041001300082100001900095100002900114245003000143245009700173250001100270260001100281260001100292260004900303300005700352500023100409650003200640650003100672F6087IT-RoPAU130308s9999 xx 000 0 und d aIT-RoPAU cIT-RoPAU aITALIANO aHaffner Pierre gCodice Aut. SPICS: 21980 aCongo dei missionari (Il) bNascita del Cinema in Africa (La). Il Cinema dell'Africa Sub-Sahariana Dalle Origini al 1975 a1a ed. aTORINO bLindau c1998 [1° Ed.:1998 - Ed.Ling.Originale:1998] a"11 p. (prefazione: no ; testo: 11 [pagine: 41-51])" aIntervista a padre Alexandre Van Den Heuvel. Religione, Congo Belga e Cinema. Una missione Cinematografica. Centro Congolese di Azione Cattolica Cinematografica (Ccacc). padri Cineasti. Palabres di Mboloko. Cinema e Congolesi. aSTORIA NAZIONALE DEL CINEMA eCodice materia Spics: 6809